| 000 | 00671nam a22001817a 4500 | ||
|---|---|---|---|
| 003 | CEME | ||
| 005 | 20210628203227.0 | ||
| 008 | 210127b xxu||||| |||| 00| 0 eng d | ||
| 020 | _a981-02-3124-5 | ||
| 040 | _c. | ||
| 082 | _a621.3192 DEC | ||
| 100 |
_aWeigend, Andreas S:Yaser Abu-Mostafa:Refenes, A.Paul N _964113 |
||
| 245 | _aDecision technologies for financial engineering;proceedings of the fourth international conference on neural networks in the capital makets (nncm'96) | ||
| 260 |
_aNEW JERSEY _bWORLD SCIENTIFIC _c1997 |
||
| 300 | _aXVI,417P | ||
| 650 |
_aCAPITAL MARKET CONGRESS, NEURAL NETWORKS (COMPUTER SCIENCE) CONGRESSES _964114 |
||
| 942 |
_cBK _2ddc |
||
| 999 |
_c572729 _d572729 |
||